000 00484nam a22001817a 4500
005 20260224125538.0
008 260224b |||||||| |||| 00| 0 eng d
020 _a978-1-4899-8132-5
050 _aQA 268 .G73 2011
_b1
100 _aGRAY ,M .ROBERT
245 _aENTROPY AND INFORMATION THEORY
250 _a2ND EDITION
260 _aNEW YORK
_bSPRINGER SCIENCE
_c2011
300 _aINCLUDES REFERENCES INDEX
500 _aXXVII,409P
650 _aENTROPY
942 _2lcc
_cBK
999 _c216612
_d216612